LEADER 01157nam a2200325 i 4500 001 991000751839707536 005 20020507173123.0 008 970529s1969 ne ||| | eng 020 $a072042254X 035 $ab10752328-39ule_inst 035 $aLE01301766$9ExL 040 $aDip.to Matematica$beng 082 0 $a510.9 084 $aAMS 03-03 100 1 $aGentzen, Gerhard$050847 245 14$aThe collected papers of Gerhard Gentzen /$cedited by M. E. Szabo 260 $aAmsterdam :$bNorth-Holland,$c1969 300 $axii, 338 p. ;$c23 cm. 490 0 $aStudies in logic and the foundations of mathematics, ISSN 0049237X 500 $aIncludes bibliographical references 650 4$aCollected works 650 4$aLogic-history 650 4$aMetamathematics-collected works 700 1 $aSzabo, M. E. 907 $a.b10752328$b23-02-17$c28-06-02 912 $a991000751839707536 945 $aLE013 01A75 GEN11 (1969)$g1$i2013000085166$lle013$o-$pE0.00$q-$rl$s- $t0$u1$v0$w1$x0$y.i10845586$z28-06-02 996 $aCollected Papers of Gerhard Gentzen$9340144 997 $aUNISALENTO 998 $ale013$b01-01-97$cm$da $e-$feng$gne $h4$i1 LEADER 03655nam 22007934a 450 001 9910958705303321 005 20251117115104.0 010 $a9786612356360 010 $a9780520926080 010 $a0520926080 010 $a9781282356368 010 $a1282356364 010 $a9781597345682 010 $a1597345687 024 7 $a10.1525/9780520926080 035 $a(CKB)111087027177552 035 $a(EBL)224591 035 $a(OCoLC)475931481 035 $a(SSID)ssj0000134188 035 $a(PQKBManifestationID)11150141 035 $a(PQKBTitleCode)TC0000134188 035 $a(PQKBWorkID)10054461 035 $a(PQKB)10251963 035 $a(MiAaPQ)EBC224591 035 $a(OCoLC)52841385 035 $a(MdBmJHUP)muse30410 035 $a(DE-B1597)520849 035 $a(OCoLC)1114816538 035 $a(DE-B1597)9780520926080 035 $a(Au-PeEL)EBL224591 035 $a(CaPaEBR)ebr10048745 035 $a(CaONFJC)MIL235636 035 $a(Perlego)551429 035 $a(EXLCZ)99111087027177552 100 $a20020403d2002 ub 0 101 0 $aeng 135 $aurnn#---|u||u 181 $ctxt 182 $cc 183 $acr 200 10$aCustomers and patrons of the mad-trade $ethe management of lunacy in eighteenth-century London : with the complete text of John Monro's 1766 case book /$fJonathan Andrews and Andrew Scull 205 $a1st ed. 210 $aBerkeley, CA $cUniversity of California Press$d2002 215 $a1 online resource (351 p.) 225 1 $aMedicine and society ;$v12 300 $aJohn Monro's 1766 case book C1-C124 p. 311 0 $a9780520226609 311 0 $a0520226607 320 $aIncludes bibliographical references (p. 177-201) and index. 327 $tFront matter --$tContents --$tIllustrations --$tPreface --$tAcknowledgments --$tPart One. Managing Lunacy in Eighteenth-Century London --$tPart Two. John Monro's 1766 Case Book --$tNotes --$tBibliography --$tIndex 330 $aThis book is a lively commentary on the eighteenth-century mad-business, its practitioners, its patients (or "customers"), and its patrons, viewed through the unique lens of the private case book kept by the most famous mad-doctor in Augustan England, Dr. John Monro (1715-1791). Monro's case book, comprising the doctor's jottings on patients he saw in the course of his private practice--patients drawn from a great variety of social strata--offers an extraordinary window into the subterranean world of the mad-trade in eighteenth-century London. The volume concludes with a complete edition of the case book itself, transcribed in full with editorial annotations by the authors. In the fragmented stories Monro's case book provides, Andrews and Scull find a poignant underworld of human psychological distress, some of it strange and some quite familiar. They place these "cases" in a real world where John Monro and other successful doctors were practicing, not to say inventing, the diagnosis and treatment of madness. 410 0$aMedicine and society ;$v12. 606 $aPsychiatrists$zEngland$vBiography 606 $aPsychiatry$zEngland$xHistory$y18th century 606 $aMentally ill$zEngland$vCase studies 615 0$aPsychiatrists 615 0$aPsychiatry$xHistory 615 0$aMentally ill 676 $a616.89/0092 676 $aB 700 $aAndrews$b Jonathan$f1961-$01860857 701 $aScull$b Andrew$f1947-$01707170 801 0$bMiAaPQ 801 1$bMiAaPQ 801 2$bMiAaPQ 906 $aBOOK 912 $a9910958705303321 996 $aCustomers and patrons of the mad-trade$94466774 997 $aUNINA